Shannon graphs, subshifts and lambda-graph systems /
Bewaard in:
| Hoofdauteur: | |
|---|---|
| Andere auteurs: | |
| Formaat: | Artikel |
| Taal: | English |
| Onderwerpen: | |
| Tags: |
Voeg label toe
Geen labels, Wees de eerste die dit record labelt!
|
| Thư viện lưu trữ: | Thư viện Trường Đại học Đà Lạt |
|---|
| LEADER | 00835nam a2200277 4500 | ||
|---|---|---|---|
| 001 | DLU090078055 | ||
| 005 | ##20090608 | ||
| 040 | # | # | |a DLU |b eng |
| 041 | # | # | |a eng |
| 044 | # | # | |a JP |
| 100 | # | # | |a Krieger, Wolfgang. |
| 245 | # | # | |a Shannon graphs, subshifts and lambda-graph systems / |c Wolfgang Krieger, Kengo Matsumoto. |
| 653 | # | # | |a Lambda-graph systems |
| 653 | # | # | |a Shannon graphs |
| 653 | # | # | |a Subshifts |
| 700 | # | # | |a Matsumoto, Kengo. |
| 773 | # | # | |t Journal of the Mathematical Society of Japan |g Vol. 54, no. 4 (October 2002), p. 877-899 |
| 920 | # | # | |a Phòng Tạp chí -- Trung tâm Thông tin - Thư viện Trường Đại học Đà Lạt |
| 994 | # | # | |a DLU |
| 900 | # | # | |a True |
| 911 | # | # | |a Trương Bảo Trâm Anh |
| 925 | # | # | |a G |
| 926 | # | # | |a A |
| 927 | # | # | |a BB |
| 980 | # | # | |a Thư viện Trường Đại học Đà Lạt |